[Event "Memorial Sergievskogo"]
[Site "Cheboksary"]
[Date "2016.04.12"]
[Round "5.2"]
[White "Volkov, Sergey"]
[Black "Dreev, Aleksey"]
[Result "1/2-1/2"]
[LiveChessVersion "1.4.4"]
[BlackElo "2668"]
[WhiteElo "2597"]

1. d4 {[%clk 0:15:17]} d5 {[%clk 0:15:19]} 2. c4 {[%clk 0:15:24]} c6
{[%clk 0:15:27]} 3. cxd5 {[%clk 0:15:30]} cxd5 {[%clk 0:15:36]} 4. Bf4
{[%clk 0:15:37]} Nf6 {[%clk 0:15:44]} 5. Nc3 {[%clk 0:15:41]} Nc6
{[%clk 0:15:53]} 6. e3 {[%clk 0:15:48]} Bg4 {[%clk 0:16:01]} 7. Qb3
{[%clk 0:15:50]} Na5 {[%clk 0:16:09]} 8. Bb5+ {[%clk 0:15:56]} Bd7
{[%clk 0:16:11]} 9. Qc2 {[%clk 0:16:03]} Rc8 {[%clk 0:14:23]} 10. Bd3
{[%clk 0:16:02]} e6 {[%clk 0:13:46]} 11. Nf3 {[%clk 0:15:41]} Be7
{[%clk 0:12:29]} 12. h3 {[%clk 0:15:26]} O-O {[%clk 0:12:19]} 13. O-O
{[%clk 0:15:21]} b5 {[%clk 0:12:25]} 14. a3 {[%clk 0:15:00]} a6 {[%clk 0:12:30]}
15. Rfc1 {[%clk 0:14:58]} Bc6 {[%clk 0:11:37]} 16. Qd1 {[%clk 0:12:57]} Nc4
{[%clk 0:09:24]} 17. Qe2 {[%clk 0:12:49]} Nd7 {[%clk 0:07:46]} 18. a4
{[%clk 0:12:24]} Qb6 {[%clk 0:05:54]} 19. axb5 {[%clk 0:11:46]} axb5
{[%clk 0:06:02]} 20. b3 {[%clk 0:11:30]} Na3 {[%clk 0:06:11]} 21. Bg5
{[%clk 0:09:54]} f6 {[%clk 0:06:09]} 22. Bf4 {[%clk 0:09:52]} b4 {[%clk 0:06:06]}
23. Nd1 {[%clk 0:09:36]} f5 {[%clk 0:04:50]} 24. g4 {[%clk 0:08:50]} g6
{[%clk 0:04:04]} 25. g5 {[%clk 0:08:15]} Bb5 {[%clk 0:03:59]} 26. h4
{[%clk 0:07:56]} Bxd3 {[%clk 0:03:33]} 27. Qxd3 {[%clk 0:08:03]} Rc6
{[%clk 0:03:38]} 28. Nb2 {[%clk 0:07:28]} Rfc8 {[%clk 0:03:43]} 29. Qd1
{[%clk 0:07:33]} Nb5 {[%clk 0:03:27]} 30. Rxc6 {[%clk 0:06:46]} Qxc6
{[%clk 0:03:35]} 1/2-1/2

[Event "Memorial Sergievskogo"]
[Site "Cheboksary"]
[Date "2016.04.12"]
[Round "5.3"]
[White "Rublevsky, Sergei"]
[Black "Demidov, Mikhail"]
[Result "1-0"]
[LiveChessVersion "1.4.4"]
[BlackElo "2568"]
[WhiteElo "2727"]

1. e4 {[%clk 0:15:17]} e6 {[%clk 0:14:40]} 2. d4 {[%clk 0:15:25]} d5
{[%clk 0:14:48]} 3. Nd2 {[%clk 0:15:31]} Nc6 {[%clk 0:14:55]} 4. Ngf3
{[%clk 0:15:35]} Nf6 {[%clk 0:15:03]} 5. e5 {[%clk 0:15:43]} Nd7 {[%clk 0:15:11]}
6. Bd3 {[%clk 0:15:47]} Nb4 {[%clk 0:15:19]} 7. Be2 {[%clk 0:15:55]} c5
{[%clk 0:15:27]} 8. c3 {[%clk 0:16:03]} Nc6 {[%clk 0:15:36]} 9. O-O
{[%clk 0:16:07]} cxd4 {[%clk 0:15:44]} 10. cxd4 {[%clk 0:16:15]} f6
{[%clk 0:15:52]} 11. exf6 {[%clk 0:16:01]} Nxf6 {[%clk 0:15:59]} 12. Nb3
{[%clk 0:16:08]} Bd6 {[%clk 0:16:06]} 13. Bg5 {[%clk 0:16:05]} O-O
{[%clk 0:16:02]} 14. Bh4 {[%clk 0:16:08]} Bd7 {[%clk 0:13:47]} 15. Bg3
{[%clk 0:15:54]} Bxg3 {[%clk 0:13:22]} 16. hxg3 {[%clk 0:16:01]} Ne4
{[%clk 0:13:30]} 17. Re1 {[%clk 0:11:27]} Be8 {[%clk 0:10:33]} 18. Bd3
{[%clk 0:10:11]} Bg6 {[%clk 0:10:41]} 19. Bxe4 {[%clk 0:08:41]} dxe4
{[%clk 0:10:21]} 20. Nh4 {[%clk 0:08:49]} Bf5 {[%clk 0:06:59]} 21. Rc1
{[%clk 0:08:57]} Nb4 {[%clk 0:07:03]} 22. Nc5 {[%clk 0:07:49]} b6
{[%clk 0:03:01]} 23. Nxe4 {[%clk 0:07:06]} Bxe4 {[%clk 0:01:52]} 24. Rxe4
{[%clk 0:07:06]} Qd5 {[%clk 0:01:44]} 25. Qg4 {[%clk 0:06:01]} Rf7
{[%clk 0:00:28]} 26. Qxe6 {[%clk 0:05:19]} Qxe6 {[%clk 0:00:32]} 27. Rxe6
{[%clk 0:05:26]} Nxa2 {[%clk 0:00:40]} 28. Ra1 {[%clk 0:05:19]} Nb4
{[%clk 0:00:47]} 29. Nf3 {[%clk 0:04:59]} Rd8 {[%clk 0:00:38]} 30. Rc1
{[%clk 0:04:38]} h6 {[%clk 0:00:34]} 31. Ne5 {[%clk 0:04:15]} Rb7
{[%clk 0:00:23]} 32. Rc4 {[%clk 0:03:46]} a5 {[%clk 0:00:26]} 33. f4
{[%clk 0:03:00]} b5 {[%clk 0:00:21]} 34. Rc5 {[%clk 0:03:08]} a4 {[%clk 0:00:25]}
35. f5 {[%clk 0:02:29]} Kf8 {[%clk 0:00:21]} 36. g4 {[%clk 0:01:26]} Nd5
{[%clk 0:00:19]} 37. Ra6 {[%clk 0:00:54]} Nf6 {[%clk 0:00:16]} 38. Kh2
{[%clk 0:00:25]} Ne4 {[%clk 0:00:21]} 39. Ng6+ {[%clk 0:00:21]} Kf7
{[%clk 0:00:23]} 40. Re5 {[%clk 0:00:25]} Nf6 {[%clk 0:00:32]} 41. Kh3
{[%clk 0:00:33]} Rdb8 {[%clk 0:00:17]} 42. d5 {[%clk 0:00:39]} Re8
{[%clk 0:00:17]} 43. d6 {[%clk 0:00:45]} Rd7 {[%clk 0:00:18]} 44. Rxe8
{[%clk 0:00:52]} Kxe8 {[%clk 0:00:24]} 45. Ne5 {[%clk 0:01:00]} Rd8
{[%clk 0:00:31]} 46. Rb6 {[%clk 0:01:07]} Nd5 {[%clk 0:00:31]} 47. Rxb5
{[%clk 0:01:10]} Rxd6 {[%clk 0:00:39]} 48. Rb8+ {[%clk 0:01:17]} Ke7
{[%clk 0:00:41]} 49. Ng6+ {[%clk 0:01:22]} Kf6 {[%clk 0:00:49]} 50. Kh4
{[%clk 0:01:31]} Rd7 {[%clk 0:00:50]} 51. Rf8+ {[%clk 0:01:36]} Rf7
{[%clk 0:00:59]} 52. Ra8 {[%clk 0:01:45]} Rb7 {[%clk 0:00:20]} 53. Ra5
{[%clk 0:01:48]} Ne7 {[%clk 0:00:19]} 54. Ra6+ {[%clk 0:01:51]} Kf7
{[%clk 0:00:28]} 55. Ne5+ {[%clk 0:01:59]} Kg8 {[%clk 0:00:30]} 56. Rxa4
{[%clk 0:01:22]} Rxb2 {[%clk 0:00:32]} 57. Ra8+ {[%clk 0:01:29]} Kh7
{[%clk 0:00:40]} 58. Nf7 {[%clk 0:01:37]} g5+ {[%clk 0:00:23]} 59. Kg3
{[%clk 0:00:46]} Rb3+ {[%clk 0:00:32]} 60. Kh2 {[%clk 0:00:54]} Kg7
{[%clk 0:00:20]} 61. Ne5 {[%clk 0:01:00]} Nd5 {[%clk 0:00:27]} 62. Ra7+
{[%clk 0:01:06]} Kf8 {[%clk 0:00:22]} 63. Rd7 {[%clk 0:01:06]} Ne3
{[%clk 0:00:23]} 64. f6 {[%clk 0:01:09]} Rb8 {[%clk 0:00:14]} 65. Rf7+
{[%clk 0:01:16]} Ke8 {[%clk 0:00:15]} 66. Re7+ {[%clk 0:01:25]} Kf8
{[%clk 0:00:24]} 67. Nd7+ {[%clk 0:01:32]} 1-0

[Event "Memorial Sergievskogo"]
[Site "Cheboksary"]
[Date "2016.04.12"]
[Round "5.4"]
[White "Morozevich, Alexander"]
[Black "Aleksandrov, Aleksej"]
[Result "1-0"]
[LiveChessVersion "1.4.4"]
[BlackElo "2574"]
[WhiteElo "2669"]

1. g3 {[%clk 0:15:17]} Nf6 {[%clk 0:14:58]} 2. Bg2 {[%clk 0:15:25]} d5
{[%clk 0:15:07]} 3. Nf3 {[%clk 0:15:33]} c6 {[%clk 0:13:22]} 4. d3
{[%clk 0:15:25]} Bg4 {[%clk 0:13:11]} 5. h3 {[%clk 0:15:05]} Bh5 {[%clk 0:12:37]}
6. O-O {[%clk 0:14:09]} Nbd7 {[%clk 0:12:33]} 7. Nbd2 {[%clk 0:14:17]} e5
{[%clk 0:11:35]} 8. e4 {[%clk 0:14:02]} dxe4 {[%clk 0:11:26]} 9. dxe4
{[%clk 0:14:04]} Qc7 {[%clk 0:11:32]} 10. Qe2 {[%clk 0:11:10]} Nc5
{[%clk 0:11:07]} 11. b3 {[%clk 0:10:32]} Ne6 {[%clk 0:09:40]} 12. Bb2
{[%clk 0:10:40]} Nd7 {[%clk 0:09:47]} 13. h4 {[%clk 0:09:23]} f6 {[%clk 0:08:34]}
14. Bh3 {[%clk 0:09:30]} Bf7 {[%clk 0:08:17]} 15. Nc4 {[%clk 0:08:52]} Bc5
{[%clk 0:07:41]} 16. Rad1 {[%clk 0:08:58]} O-O-O {[%clk 0:06:11]} 17. a4
{[%clk 0:06:16]} Rhe8 {[%clk 0:05:03]} 18. a5 {[%clk 0:06:06]} Nef8
{[%clk 0:03:07]} 19. c3 {[%clk 0:05:36]} Be6 {[%clk 0:03:15]} 20. Bxe6
{[%clk 0:05:33]} Nxe6 {[%clk 0:03:23]} 21. b4 {[%clk 0:05:39]} Bf8
{[%clk 0:03:18]} 22. Bc1 {[%clk 0:05:15]} Kb8 {[%clk 0:03:17]} 23. Be3
{[%clk 0:05:02]} Be7 {[%clk 0:03:19]} 24. Rb1 {[%clk 0:03:59]} g6
{[%clk 0:02:59]} 25. Rfd1 {[%clk 0:02:30]} Ndf8 {[%clk 0:02:45]} 26. Nfd2
{[%clk 0:02:35]} f5 {[%clk 0:02:42]} 27. exf5 {[%clk 0:02:37]} gxf5
{[%clk 0:02:51]} 28. Bb6 {[%clk 0:02:23]} axb6 {[%clk 0:02:17]} 29. axb6
{[%clk 0:02:32]} Qd7 {[%clk 0:02:18]} 30. Qxe5+ {[%clk 0:02:24]} Bd6
{[%clk 0:02:16]} 31. Qa5 {[%clk 0:01:57]} Nf4 {[%clk 0:00:48]} 32. Nf3
{[%clk 0:01:37]} Nd5 {[%clk 0:00:57]} 33. Nxd6 {[%clk 0:01:05]} Qxd6
{[%clk 0:01:03]} 34. c4 {[%clk 0:01:09]} f4 {[%clk 0:01:02]} 35. cxd5
{[%clk 0:01:07]} fxg3 {[%clk 0:01:06]} 36. dxc6 {[%clk 0:00:57]} 1-0

[Event "Memorial Sergievskogo"]
[Site "Cheboksary"]
[Date "2016.04.12"]
[Round "5.5"]
[White "Potapov, Pavel"]
[Black "Kobalia, Mikhail"]
[Result "1-0"]
[LiveChessVersion "1.4.4"]
[BlackElo "2609"]
[WhiteElo "2501"]

1. e4 {[%clk 0:15:18]} g6 {[%clk 0:15:17]} 2. d4 {[%clk 0:15:17]} Bg7
{[%clk 0:15:26]} 3. Nc3 {[%clk 0:15:24]} d6 {[%clk 0:15:34]} 4. Be3
{[%clk 0:15:31]} a6 {[%clk 0:15:35]} 5. Qd2 {[%clk 0:15:39]} b5 {[%clk 0:15:39]}
6. Bd3 {[%clk 0:15:16]} Nd7 {[%clk 0:14:35]} 7. a4 {[%clk 0:14:21]} b4
{[%clk 0:14:16]} 8. Nce2 {[%clk 0:14:17]} c5 {[%clk 0:14:17]} 9. Nf3
{[%clk 0:14:06]} Bb7 {[%clk 0:13:50]} 10. Ng3 {[%clk 0:13:31]} Ngf6
{[%clk 0:12:24]} 11. h3 {[%clk 0:12:43]} h5 {[%clk 0:11:44]} 12. e5
{[%clk 0:09:58]} dxe5 {[%clk 0:06:04]} 13. dxe5 {[%clk 0:10:07]} Bxf3
{[%clk 0:06:06]} 14. exf6 {[%clk 0:09:37]} Bxf6 {[%clk 0:06:13]} 15. gxf3
{[%clk 0:09:34]} Bxb2 {[%clk 0:06:21]} 16. Qd1 {[%clk 0:08:17]} Qc7
{[%clk 0:05:08]} 17. O-O {[%clk 0:07:26]} Bxa1 {[%clk 0:03:53]} 18. Qxa1
{[%clk 0:07:16]} Qe5 {[%clk 0:04:01]} 19. Qxe5 {[%clk 0:06:04]} Nxe5
{[%clk 0:04:10]} 20. Be4 {[%clk 0:06:07]} O-O-O {[%clk 0:03:26]} 21. f4
{[%clk 0:03:54]} Nc4 {[%clk 0:02:40]} 22. Bd3 {[%clk 0:03:03]} Nxe3
{[%clk 0:02:45]} 23. Bxa6+ {[%clk 0:03:09]} Kc7 {[%clk 0:02:52]} 24. fxe3
{[%clk 0:03:17]} Rd2 {[%clk 0:02:40]} 25. Bd3 {[%clk 0:03:07]} f5
{[%clk 0:02:14]} 26. Rc1 {[%clk 0:02:54]} c4 {[%clk 0:01:58]} 27. Bxc4
{[%clk 0:02:35]} Rd6 {[%clk 0:01:53]} 28. Rb1 {[%clk 0:02:21]} Rb8
{[%clk 0:01:50]} 29. Ne2 {[%clk 0:02:04]} Rc6 {[%clk 0:01:31]} 30. Bd3
{[%clk 0:02:06]} Kd8 {[%clk 0:01:05]} 31. Nd4 {[%clk 0:02:11]} Rc3
{[%clk 0:01:14]} 32. Nb5 {[%clk 0:02:07]} Rc5 {[%clk 0:01:23]} 33. Rxb4
{[%clk 0:02:08]} e5 {[%clk 0:01:32]} 34. fxe5 {[%clk 0:01:57]} Rxe5
{[%clk 0:01:41]} 35. Rd4+ {[%clk 0:02:06]} Ke7 {[%clk 0:01:47]} 36. Kf2
{[%clk 0:02:14]} g5 {[%clk 0:01:52]} 37. Rc4 {[%clk 0:01:44]} Rf8
{[%clk 0:01:40]} 38. Nd4 {[%clk 0:01:30]} Kd6 {[%clk 0:01:36]} 39. Nf3
{[%clk 0:01:23]} Kd5 1-0

[Event "Memorial Sergievskogo"]
[Site "Cheboksary"]
[Date "2016.04.12"]
[Round "5.6"]
[White "Predke, Alexandr"]
[Black "Bezgodov, Alexei"]
[Result "0-1"]
[LiveChessVersion "1.4.4"]
[BlackElo "2488"]
[WhiteElo "2594"]

1. e4 {[%clk 0:15:18]} e5 {[%clk 0:15:20]} 2. Nf3 {[%clk 0:15:26]} Nf6
{[%clk 0:15:29]} 3. Nxe5 {[%clk 0:15:24]} d6 {[%clk 0:15:38]} 4. Nf3
{[%clk 0:15:32]} Nxe4 {[%clk 0:15:47]} 5. Nc3 {[%clk 0:15:34]} Nxc3
{[%clk 0:15:56]} 6. dxc3 {[%clk 0:15:42]} Be7 {[%clk 0:16:00]} 7. Be3
{[%clk 0:15:50]} Nc6 {[%clk 0:16:07]} 8. Qd2 {[%clk 0:15:57]} Ne5
{[%clk 0:16:13]} 9. O-O-O {[%clk 0:15:25]} Nxf3 {[%clk 0:16:20]} 10. gxf3
{[%clk 0:15:33]} Be6 {[%clk 0:16:29]} 11. Rg1 {[%clk 0:15:06]} g6
{[%clk 0:16:30]} 12. Kb1 {[%clk 0:13:30]} Qd7 {[%clk 0:16:19]} 13. Qd4
{[%clk 0:11:23]} Rg8 {[%clk 0:16:08]} 14. h4 {[%clk 0:11:22]} c5 {[%clk 0:12:58]}
15. Qf4 {[%clk 0:10:57]} Qc6 {[%clk 0:12:40]} 16. Qg3 {[%clk 0:10:38]} O-O-O
{[%clk 0:12:08]} 17. Bg5 {[%clk 0:10:27]} Rge8 {[%clk 0:11:27]} 18. Bh3
{[%clk 0:10:04]} Bxh3 {[%clk 0:10:48]} 19. Qxh3+ {[%clk 0:10:12]} Qd7
{[%clk 0:10:45]} 20. Qg3 {[%clk 0:09:44]} Bxg5 {[%clk 0:09:03]} 21. hxg5
{[%clk 0:09:47]} Re2 {[%clk 0:09:11]} 22. Qf4 {[%clk 0:04:53]} Rxf2
{[%clk 0:08:01]} 23. b3 {[%clk 0:03:32]} Qf5 {[%clk 0:07:11]} 24. Qxf5+
{[%clk 0:02:47]} gxf5 {[%clk 0:07:20]} 25. Rdf1 {[%clk 0:02:20]} Rxf1+
{[%clk 0:02:51]} 26. Rxf1 {[%clk 0:02:29]} Rg8 {[%clk 0:02:56]} 27. f4
{[%clk 0:02:30]} f6 {[%clk 0:02:58]} 28. gxf6 {[%clk 0:02:35]} Rf8
{[%clk 0:03:08]} 29. Rh1 {[%clk 0:00:48]} Rf7 {[%clk 0:03:00]} 30. Kc1
{[%clk 0:00:53]} Kd7 {[%clk 0:03:09]} 31. Kd2 {[%clk 0:01:02]} Ke6
{[%clk 0:03:16]} 32. Rh6 {[%clk 0:01:10]} b5 {[%clk 0:02:52]} 33. Ke3
{[%clk 0:00:58]} a5 {[%clk 0:02:41]} 34. Kf3 {[%clk 0:00:17]} d5 {[%clk 0:02:35]}
35. Ke3 {[%clk 0:00:22]} b4 {[%clk 0:02:17]} 36. cxb4 {[%clk 0:00:16]} axb4
{[%clk 0:02:16]} 37. Kd3 {[%clk 0:00:24]} Rxf6 {[%clk 0:01:56]} 38. Rxh7
{[%clk 0:00:33]} Rg6 {[%clk 0:02:05]} 39. Rh3 {[%clk 0:00:42]} Kd6
{[%clk 0:02:01]} 40. c3 {[%clk 0:00:38]} bxc3 {[%clk 0:01:41]} 41. Kxc3
{[%clk 0:00:46]} Rg4 {[%clk 0:01:25]} 42. Rf3 {[%clk 0:00:52]} Rg1
{[%clk 0:01:23]} 43. Rh3 {[%clk 0:00:26]} d4+ {[%clk 0:01:10]} 44. Kc4
{[%clk 0:00:22]} Rc1+ {[%clk 0:01:14]} 45. Kb5 {[%clk 0:00:32]} Kd5
{[%clk 0:00:41]} 46. Rh8 {[%clk 0:00:40]} d3 {[%clk 0:00:41]} 47. Rd8+
{[%clk 0:00:39]} Ke4 {[%clk 0:00:50]} 48. a4 {[%clk 0:00:47]} Ke3
{[%clk 0:00:50]} 49. Re8+ {[%clk 0:00:16]} Kxf4 {[%clk 0:00:56]} 50. Rd8
{[%clk 0:00:25]} Ke3 {[%clk 0:01:01]} 51. Re8+ {[%clk 0:00:34]} Kd4
{[%clk 0:00:59]} 52. Rd8+ {[%clk 0:00:42]} Kc3 {[%clk 0:00:57]} 53. Rd5
{[%clk 0:00:11]} d2 {[%clk 0:00:56]} 54. Rxc5+ {[%clk 0:00:15]} Kxb3
{[%clk 0:00:47]} 0-1

[Event "Memorial Sergievskogo"]
[Site "Cheboksary"]
[Date "2016.04.12"]
[Round "5.7"]
[White "Lintchevski, Daniil"]
[Black "Gunina, Valentina"]
[Result "1/2-1/2"]
[LiveChessVersion "1.4.4"]
[BlackElo "2444"]
[WhiteElo "2590"]

1. Nf3 {[%clk 0:15:14]} d5 {[%clk 0:15:19]} 2. g3 {[%clk 0:15:22]} c6
{[%clk 0:15:25]} 3. Bg2 {[%clk 0:15:27]} Bg4 {[%clk 0:15:30]} 4. O-O
{[%clk 0:15:34]} e6 {[%clk 0:15:16]} 5. d4 {[%clk 0:15:42]} Nd7 {[%clk 0:15:19]}
6. Nbd2 {[%clk 0:15:46]} Ngf6 {[%clk 0:15:23]} 7. Re1 {[%clk 0:15:53]} Be7
{[%clk 0:15:07]} 8. e4 {[%clk 0:16:01]} dxe4 {[%clk 0:15:15]} 9. Nxe4
{[%clk 0:16:09]} Nxe4 {[%clk 0:15:17]} 10. Rxe4 {[%clk 0:16:16]} Bf5
{[%clk 0:15:22]} 11. Re1 {[%clk 0:16:24]} O-O {[%clk 0:15:24]} 12. c3
{[%clk 0:16:30]} Qb6 {[%clk 0:15:04]} 13. Qb3 {[%clk 0:16:27]} Rfd8
{[%clk 0:14:44]} 14. Nd2 {[%clk 0:15:55]} a5 {[%clk 0:13:02]} 15. Qxb6
{[%clk 0:12:58]} Nxb6 {[%clk 0:13:10]} 16. a4 {[%clk 0:13:06]} Bc2
{[%clk 0:13:09]} 17. b3 {[%clk 0:13:15]} Nd5 {[%clk 0:13:17]} 18. Bb2
{[%clk 0:13:00]} h6 {[%clk 0:13:10]} 19. Rac1 {[%clk 0:12:23]} Bf5
{[%clk 0:13:16]} 20. Ne4 {[%clk 0:12:01]} Rac8 {[%clk 0:12:53]} 21. Red1
{[%clk 0:11:42]} Bf8 {[%clk 0:12:02]} 22. h4 {[%clk 0:10:13]} Rc7
{[%clk 0:11:41]} 23. Bf3 {[%clk 0:10:02]} Be7 {[%clk 0:11:28]} 24. Bg2
{[%clk 0:09:02]} Rcc8 {[%clk 0:11:27]} 25. Bf3 {[%clk 0:09:04]} Rc7
{[%clk 0:11:36]} 26. Bg2 {[%clk 0:09:12]} Rcc8 {[%clk 0:11:45]} 27. Bf3
{[%clk 0:09:16]} 1/2-1/2

[Event "Memorial Sergievskogo"]
[Site "Cheboksary"]
[Date "2016.04.12"]
[Round "5.8"]
[White "Sharafiev, Azat"]
[Black "Rozum, Ivan"]
[Result "1-0"]
[LiveChessVersion "1.4.4"]
[BlackElo "2579"]
[WhiteElo "2460"]

1. e4 {[%clk 0:15:19]} c6 {[%clk 0:15:11]} 2. d4 {[%clk 0:15:25]} d5
{[%clk 0:15:19]} 3. Nc3 {[%clk 0:15:33]} dxe4 {[%clk 0:15:26]} 4. Nxe4
{[%clk 0:15:42]} Bf5 {[%clk 0:15:33]} 5. Ng3 {[%clk 0:15:51]} Bg6
{[%clk 0:15:41]} 6. Bc4 {[%clk 0:16:00]} e6 {[%clk 0:15:43]} 7. N1e2
{[%clk 0:16:08]} Bd6 {[%clk 0:15:29]} 8. Nf4 {[%clk 0:16:15]} Qc7
{[%clk 0:15:02]} 9. Ngh5 {[%clk 0:14:18]} Bxh5 {[%clk 0:14:25]} 10. Nxh5
{[%clk 0:14:25]} g6 {[%clk 0:14:31]} 11. Ng3 {[%clk 0:14:30]} Nf6
{[%clk 0:12:56]} 12. Bh6 {[%clk 0:14:11]} Nbd7 {[%clk 0:12:42]} 13. Qf3
{[%clk 0:14:12]} Bf8 {[%clk 0:12:07]} 14. Bf4 {[%clk 0:13:59]} Bd6
{[%clk 0:12:03]} 15. Bh6 {[%clk 0:14:07]} Bf8 {[%clk 0:11:49]} 16. Bf4
{[%clk 0:14:02]} Bd6 {[%clk 0:11:10]} 17. Bxd6 {[%clk 0:12:06]} Qxd6
{[%clk 0:11:18]} 18. O-O-O {[%clk 0:12:14]} O-O {[%clk 0:09:35]} 19. Kb1
{[%clk 0:09:35]} a5 {[%clk 0:09:00]} 20. h4 {[%clk 0:09:38]} h5 {[%clk 0:09:01]}
21. Rhe1 {[%clk 0:09:26]} Kg7 {[%clk 0:08:18]} 22. Ne4 {[%clk 0:07:50]} Nxe4
{[%clk 0:08:19]} 23. Qxe4 {[%clk 0:07:59]} Nf6 {[%clk 0:08:26]} 24. Qe5
{[%clk 0:07:55]} Rfd8 {[%clk 0:08:19]} 25. c3 {[%clk 0:06:48]} b5
{[%clk 0:05:59]} 26. Bd3 {[%clk 0:05:58]} b4 {[%clk 0:05:12]} 27. Qxd6
{[%clk 0:05:45]} Rxd6 {[%clk 0:05:20]} 28. Kc2 {[%clk 0:05:48]} Rb8
{[%clk 0:04:24]} 29. Re5 {[%clk 0:04:35]} Rd5 {[%clk 0:04:20]} 30. Be2
{[%clk 0:04:25]} Nd7 {[%clk 0:03:29]} 31. Re3 {[%clk 0:04:31]} Rd6
{[%clk 0:03:33]} 32. c4 {[%clk 0:03:55]} c5 {[%clk 0:02:17]} 33. dxc5
{[%clk 0:02:29]} Rxd1 {[%clk 0:02:25]} 34. Bxd1 {[%clk 0:02:36]} Nxc5
{[%clk 0:02:34]} 35. Re5 {[%clk 0:01:10]} Rc8 {[%clk 0:02:41]} 36. b3
{[%clk 0:01:11]} f6 {[%clk 0:02:39]} 37. Re2 {[%clk 0:01:20]} Rd8
{[%clk 0:02:46]} 38. Rd2 {[%clk 0:01:20]} Rxd2+ {[%clk 0:02:44]} 39. Kxd2
{[%clk 0:01:29]} e5 {[%clk 0:01:55]} 40. Ke3 {[%clk 0:01:34]} f5 {[%clk 0:01:59]}
41. f4 {[%clk 0:00:27]} Kf6 {[%clk 0:01:55]} 42. Bf3 {[%clk 0:00:21]} exf4+
{[%clk 0:01:19]} 43. Kd4 {[%clk 0:00:16]} Nd7 {[%clk 0:00:52]} 44. c5
{[%clk 0:00:23]} Ke7 {[%clk 0:00:16]} 45. c6 {[%clk 0:00:22]} Nf8
{[%clk 0:00:19]} 46. Kc5 {[%clk 0:00:28]} Ne6+ {[%clk 0:00:26]} 47. Kb6
{[%clk 0:00:34]} Kd6 {[%clk 0:00:35]} 48. Kxa5 {[%clk 0:00:40]} Kc5
{[%clk 0:00:25]} 49. Ka6 {[%clk 0:00:40]} Nc7+ {[%clk 0:00:33]} 50. Kb7
{[%clk 0:00:48]} Kd6 {[%clk 0:00:29]} 51. Kb6 {[%clk 0:00:55]} Ne6
{[%clk 0:00:33]} 52. Kb7 {[%clk 0:00:57]} Nd8+ {[%clk 0:00:35]} 53. Kb6
{[%clk 0:01:03]} Ne6 {[%clk 0:00:44]} 54. Ka5 {[%clk 0:00:41]} Kc5
{[%clk 0:00:51]} 55. Ka6 {[%clk 0:00:44]} Nc7+ {[%clk 0:01:00]} 56. Kb7
{[%clk 0:00:53]} Kd6 {[%clk 0:01:08]} 57. Be2 {[%clk 0:00:54]} Ne6
{[%clk 0:01:13]} 58. Kb6 {[%clk 0:01:02]} Nc7 {[%clk 0:01:09]} 59. Bc4
{[%clk 0:01:07]} f3 {[%clk 0:00:47]} 60. gxf3 {[%clk 0:01:12]} f4
{[%clk 0:00:56]} 61. Bd3 {[%clk 0:00:58]} g5 {[%clk 0:00:49]} 62. hxg5
{[%clk 0:01:07]} h4 {[%clk 0:00:58]} 63. Bf5 {[%clk 0:00:56]} Nd5+
{[%clk 0:00:54]} 64. Kb7 {[%clk 0:01:05]} Ne7 {[%clk 0:00:48]} 65. c7
{[%clk 0:01:09]} Kd5 1-0

[Event "Memorial Sergievskogo"]
[Site "Cheboksary"]
[Date "2016.04.12"]
[Round "5.9"]
[White "Zhitnikov, Konstantin"]
[Black "Lysyj, Igor"]
[Result "0-1"]
[LiveChessVersion "1.4.4"]
[BlackElo "2670"]
[WhiteElo "2239"]

1. e4 {[%clk 0:15:17]} e6 {[%clk 0:15:20]} 2. d4 {[%clk 0:15:25]} d5
{[%clk 0:15:29]} 3. exd5 {[%clk 0:15:32]} exd5 {[%clk 0:15:37]} 4. Bd3
{[%clk 0:15:40]} Nc6 {[%clk 0:15:42]} 5. Nf3 {[%clk 0:15:46]} Bd6
{[%clk 0:15:31]} 6. O-O {[%clk 0:15:32]} Nge7 {[%clk 0:15:39]} 7. c3
{[%clk 0:15:24]} Bg4 {[%clk 0:15:46]} 8. Nbd2 {[%clk 0:15:13]} Qd7
{[%clk 0:15:55]} 9. Re1 {[%clk 0:14:06]} f6 {[%clk 0:16:02]} 10. b4
{[%clk 0:09:54]} O-O {[%clk 0:15:17]} 11. Qc2 {[%clk 0:09:36]} Bf5
{[%clk 0:15:13]} 12. Bxf5 {[%clk 0:08:11]} Nxf5 {[%clk 0:14:46]} 13. Nf1
{[%clk 0:07:50]} Nce7 {[%clk 0:13:30]} 14. Bd2 {[%clk 0:06:47]} c6
{[%clk 0:12:56]} 15. Rab1 {[%clk 0:05:00]} a6 {[%clk 0:10:57]} 16. Qc1
{[%clk 0:03:34]} Ng6 {[%clk 0:10:41]} 17. Ng3 {[%clk 0:02:35]} Bxg3
{[%clk 0:10:41]} 18. hxg3 {[%clk 0:02:42]} Nd6 {[%clk 0:10:48]} 19. Bf4
{[%clk 0:02:18]} Nc4 {[%clk 0:10:55]} 20. a4 {[%clk 0:02:16]} Rfe8
{[%clk 0:10:29]} 21. a5 {[%clk 0:02:16]} Rxe1+ {[%clk 0:10:17]} 22. Nxe1
{[%clk 0:02:17]} Re8 {[%clk 0:07:53]} 23. Nd3 {[%clk 0:02:07]} Qf5
{[%clk 0:08:02]} 24. Qd1 {[%clk 0:01:24]} h5 {[%clk 0:07:48]} 25. Nc5
{[%clk 0:01:09]} Re7 {[%clk 0:07:10]} 26. Rc1 {[%clk 0:01:02]} Nxf4
{[%clk 0:07:05]} 27. gxf4 {[%clk 0:01:06]} Qxf4 {[%clk 0:07:13]} 28. Rc2
{[%clk 0:00:51]} Qg4 {[%clk 0:05:31]} 29. Qxg4 {[%clk 0:00:49]} hxg4
{[%clk 0:05:40]} 30. Kf1 {[%clk 0:00:53]} Nd6 {[%clk 0:05:31]} 31. Re2
{[%clk 0:00:50]} Kf7 {[%clk 0:05:39]} 32. Rc2 {[%clk 0:00:19]} Nb5
{[%clk 0:05:00]} 33. Rc1 {[%clk 0:00:21]} g5 {[%clk 0:05:01]} 34. Rc2
{[%clk 0:00:25]} Nd6 {[%clk 0:04:50]} 35. Rc1 {[%clk 0:00:29]} f5
{[%clk 0:04:44]} 36. Nd3 {[%clk 0:00:22]} Nc4 {[%clk 0:04:52]} 37. Rd1
{[%clk 0:00:23]} Kf6 {[%clk 0:04:54]} 38. Nc5 {[%clk 0:00:22]} f4
{[%clk 0:04:54]} 39. Rd3 {[%clk 0:00:19]} Kf5 {[%clk 0:04:55]} 40. g3
{[%clk 0:00:20]} Nd6 {[%clk 0:03:50]} 41. Rd1 {[%clk 0:00:21]} Rh7
{[%clk 0:02:37]} 42. Kg2 {[%clk 0:00:18]} Ne4 {[%clk 0:02:38]} 43. Nxe4
{[%clk 0:00:16]} Kxe4 {[%clk 0:02:44]} 44. Rd2 {[%clk 0:00:20]} Kf5
{[%clk 0:01:50]} 45. Rd3 {[%clk 0:00:16]} Re7 {[%clk 0:01:51]} 46. Kf1
{[%clk 0:00:23]} Re6 {[%clk 0:01:31]} 47. Rd2 {[%clk 0:00:14]} fxg3
{[%clk 0:01:37]} 48. fxg3 {[%clk 0:00:16]} Re3 {[%clk 0:01:46]} 49. Rf2+
{[%clk 0:00:22]} Rf3 {[%clk 0:01:47]} 50. Kg2 {[%clk 0:00:30]} Ke4
{[%clk 0:01:48]} 51. Re2+ {[%clk 0:00:37]} Kd3 {[%clk 0:01:45]} 52. Re7
{[%clk 0:00:42]} Kxc3 {[%clk 0:01:46]} 53. Rxb7 {[%clk 0:00:51]} Kxd4
{[%clk 0:01:08]} 54. Rb6 {[%clk 0:01:00]} Rc3 {[%clk 0:00:44]} 55. Rxa6
{[%clk 0:01:08]} Rc2+ {[%clk 0:00:53]} 56. Kf1 {[%clk 0:01:11]} Ke3
{[%clk 0:01:02]} 57. Ra8 {[%clk 0:00:58]} Kf3 {[%clk 0:01:07]} 58. Ke1
{[%clk 0:00:31]} Rb2 {[%clk 0:00:48]} 59. Rc8 {[%clk 0:00:13]} Rxb4
{[%clk 0:00:51]} 60. a6 {[%clk 0:00:21]} Ra4 {[%clk 0:00:56]} 61. Rxc6
{[%clk 0:00:29]} Kxg3 {[%clk 0:00:57]} 62. Rd6 {[%clk 0:00:24]} Kg2
{[%clk 0:00:56]} 63. Rxd5 {[%clk 0:00:24]} Rxa6 {[%clk 0:00:52]} 64. Rxg5
{[%clk 0:00:33]} Re6+ {[%clk 0:00:58]} 65. Kd2 {[%clk 0:00:41]} g3
{[%clk 0:01:07]} 66. Kd1 {[%clk 0:00:48]} Kf2 {[%clk 0:01:14]} 67. Rf5+
{[%clk 0:00:57]} Kg1 {[%clk 0:01:22]} 68. Rg5 {[%clk 0:01:03]} g2
{[%clk 0:01:31]} 69. Rg8 {[%clk 0:01:07]} Rh6 {[%clk 0:01:37]} 70. Ke1 0-1